000
00264nam a2200097Ia 4500
008
230508s1996 xx 000 0 und d
041
_a
eng
100
_a
JOHN M. RYAN
245
_a
THE QUALITY TEAM CONCEPT IN TOTAL QUALITY CON
260
_b
TATA MC GRAW HILL CO
_c
1996
999
_c
740192
_d
740192